|
|
|
|
| LEADER |
00000nam0a2200000 4500 |
| 001 |
158526 |
| 005 |
20231031154445.0 |
| 010 |
|
|
|a 9785170574063
|b (АСТ) (в пер.)
|b 17000 экз.
|b (Астрель)
|
| 010 |
|
|
|a 978-5-271-22919-0
|
| 021 |
|
|
|a RU
|b 09-6488
|9 09-374
|
| 035 |
|
|
|a (RuTPU)RU\TPU\book\171932
|
| 090 |
|
|
|a 158526
|
| 100 |
|
|
|a 20090424d2009 m y0rusy5002 ca
|
| 101 |
0 |
|
|a rus
|
| 102 |
|
|
|a RU
|
| 105 |
|
|
|a y z 000ay
|
| 200 |
1 |
|
|a Однажды вечером
|e рассказы
|f Н. В. Нестерова (Умеренкова)
|
| 210 |
|
|
|a Москва
|c АСТ
|c Астрель
|d 2009
|
| 215 |
|
|
|a 286 с.
|
| 610 |
1 |
|
|a русская литература
|
| 610 |
1 |
|
|a рассказы
|
| 610 |
1 |
|
|a любовь
|
| 675 |
|
|
|a Р2
|v 3
|
| 700 |
|
1 |
|a Нестерова (Умеренкова)
|b Н. В.
|g Наталья Владимировна
|4 070
|
| 801 |
|
0 |
|a RU
|b 63413507
|c 20090330
|g PSBO
|
| 801 |
|
1 |
|a RU
|b 63413507
|c 20090424
|g PSBO
|
| 801 |
|
2 |
|a RU
|b 63413507
|c 20090506
|g PSBO
|
| 830 |
|
|
|a <b><br /> <b>Нестерова Н.</b> Однажды вечером : [рассказы] / Наталья Нестерова. - М. : АСТ, печ. 2008 (). - 284, [1] с.; 21 см. - Над вып. дан. авт.: Наталья Нестерова (Умеренкова Наталья Владимировна). -. Содерж.: Карантин; Курс лечения; Холодная обработка металлов; Газовая атака; Разговор начистоту; Хорошо смеется тот...; Устное народное творчество пациентов; Секс по-больничному; Фантазерка; Однажды вечером. - 17000 экз. - 978-5-17-057406-3 (АСТ) (в пер.). - 978-5-271-22919-0 (Астрель). - [09-6488] </p><p style='text-align:right'>УДК 821.161.1-32 <br />ББК 84(2Рос=Рус)6-44 </p>
|
| 942 |
|
|
|c BK
|